MARC

LEADER 00000nam0a2200000 4500
001 38626
005 20231031010340.0
010 |a 5289010033 
035 |a (RuTPU)RU\TPU\book\39413 
090 |a 38626 
100 |a 20020312d1991 km y0rusy50 ca 
101 0 |a rus 
102 |a RU 
105 |a a z 001zy 
200 1 |a Персональный компьютер на вашем рабочем месте  |f Л. П. Крайзмер, Б. А. Кулик 
210 |a Ленинград  |c Лениздат  |d 1991 
215 |a 285 с.  |c ил. 
320 |a Библиогр.: с. 282-283. 
320 |a Предм. указ.: с. 277-281. 
610 1 |a информатика 
610 1 |a вычислительные машины электронные персональные 
610 1 |a персональные компьютеры 
610 1 |a программное обеспечение 
610 1 |a вычислительные сети 
610 1 |a рабочие места 
610 1 |a автоматизация 
610 1 |a локальные сети 
675 |a 681.3-181.4  |v 3 
700 1 |a Крайзмер  |b Л. П.  |g Леонид Павлович 
701 1 |a Кулик  |b Б. А.  |g Борис Александрович 
801 1 |a RU  |b 63413507  |c 20020312  |g PSBO 
801 2 |a RU  |b 63413507  |c 20180305  |g PSBO 
942 |c BK